000 01548cam a22003494a 4500
001 17018229
003 OSt
005 20140310182751.0
008 111024s2012 miu b 001 0 eng
010 _a 2011039558
020 _a9780802867063 (pbk. : alk. paper)
020 _a0802867065 (pbk. : alk. paper)
035 _a(OCoLC)ocn756577460
040 _aDLC
_beng
_cDLC
_dYDX
_dBTCTA
_dYDXCP
_dEMT
_dBWX
_dDLC
042 _apcc
050 0 0 _aBS 1455
_b.P397 2012
082 0 0 _aM 223.06
_bP36 2012
100 1 _aPenchansky, David.
245 1 0 _aUnderstanding wisdom literature
_bconflict and dissonance in the Hebrew text
_cPenchansky, David
260 _aGrand Rapids, Mich.
_bWilliam B. Eerdmans Pub.
_cc2012
300 _a129 p.
_c23 cm.
504 _aIncludes bibliographical references (p. 114-124) and indexes.
505 0 _aWho are the sages? -- What unity in Proverbs? -- The meaning of the Book of Job -- Wisdom, madness, and folly : the three qoheleths -- Sounds of silence : the absence of covenantal theology in the wisdom literature -- Sophia and Simon : the two poles of Ben Sira's affection -- The conservatism of Pseudo-Solomon.
521 _aCollege
526 _c1210L-1700L
541 _j1
562 _e1
650 0 _aWisdom literature
_xCriticism, interpretation, etc.
906 _a7
_bcbc
_corignew
_d1
_eecip
_f20
_gy-gencatlg
942 _2lcc
_cBK
_kM
999 _c15747
_d15747